Movie Moustache Mania Quiz Stats

 Plays Quiz Updated Jun 23, 2016

Also try: Movies by Beards
Challenge
Share
Tweet
Score 0/24 Timer 07:00
0 Plays Today
% Correct
Anchorman: The Legend of Ron Burgundy
96.5%
Borat
91.2%
Hook
88.1%
Dodgeball: A True Underdog Story
84.5%
The Wizard of Oz
80.1%
Nacho Libre
76.2%
The Lorax
70.9%
Dances with Wolves
66.9%
Dallas Buyers Club
62.6%
Machete
60.4%
This Is Spinal Tap
59.9%
Gangs of New York
59.7%
% Correct
There Will Be Blood
58.4%
The Big Lebowski
56.6%
Tombstone
53.6%
The Grand Budapest Hotel
53.4%
Born on the Fourth of July
51.4%
The Hateful Eight
48.5%
The Good, the Bad and the Ugly
46.5%
No Country for Old Men
40.4%
Easy Rider
39.1%
The Great Dictator
35.9%
Flash Gordon
35.5%
Mortdecai
31.8%

You're not logged in!

Compare scores with friends on all Sporcle quizzes.
OR
Log In

You Might Also Like...

Show Comments

Extras

Top Quizzes Today


Score Distribution

Your Account Isn't Verified!

In order to create a playlist on Sporcle, you need to verify the email address you used during registration. Go to your Sporcle Settings to finish the process.

Report this User

Report this user for behavior that violates our Community Guidelines.

Details: